000 00355nam a22001457a 4500
003 SGT
020 _a939348009-5
082 _a615
_bPAT
100 _aPATIL, DR. GANESH B.
245 _aMULTIPLE CHOICE QUESTIONS IN PHYSICAL PHARMACEUTICS
260 _aINDIA
_bBIRLA PUB.
_c2024
300 _a182
650 _aPHYSICAL PHARMACEUTICS
942 _2ddc
_cBK
999 _c32943
_d32943